|
|
|
|
| LEADER |
00629nam a22001697a 4500 |
| 020 |
|
|
|a 9788120806030
|
| 082 |
|
|
|a 294.592 3048
|b BIM/M
|
| 245 |
|
|
|a Moral dilemmas in the mahabharata/
|c edited by Bimal Krishna Matilal.
|
| 260 |
|
|
|a Delhi:
|b Motilal Banarsidass,
|c 2014.
|
| 300 |
|
|
|a 156p.
|
| 650 |
|
|
|a Interpretations Mahabharata
|9 32264
|
| 650 |
|
|
|a Mahabharata
|9 32265
|
| 650 |
|
|
|a Hinduism
|9 32266
|
| 650 |
|
|
|a Religion
|9 32267
|
| 942 |
|
|
|c BK
|
| 999 |
|
|
|c 69916
|d 69916
|
| 952 |
|
|
|0 0
|1 0
|4 0
|6 294_592000000000000_3048_BIM_M
|7 0
|9 90400
|a SSUS
|b SSUS
|c STACKS
|d 2018-01-30
|g 295.00
|l 1
|m 1
|o 294.592 3048 BIM/M
|p 087262
|r 2020-11-18
|s 2020-01-06
|w 2018-01-30
|y BK
|